Štandardizácia výrobného procesu v spoločnosti PCA Slovakia, s.r.o., Trnava
Saved in:
| Main Author: | |
|---|---|
| Other Authors: | |
| Format: | Manuscript Book |
| Language: | Slovak |
| Published: |
2016
|
| Subjects: | |
| Online Access: | http://is.stuba.sk/zp/portal_zp.pl?podrobnosti=121536 |
| Tags: |
No Tags, Be the first to tag this record!
|
MARC
| LEADER | 00000ntm a22000003a 4500 | ||
|---|---|---|---|
| 001 | stuzp57958 | ||
| 003 | SK-STU | ||
| 005 | 20160719155422.1 | ||
| 007 | ta | ||
| 008 | 150427s2015----xo-----f-mn---000-0-slo-d | ||
| 040 | |a STU |b slo | ||
| 041 | 0 | |a slo | |
| 100 | 1 | |a Jankovič, Milan |u 064000 |k Z4 |4 aut |U MTF Materiálovotechnologická fakulta |T MTF Ústav priemyselného inžinierstva a manažmentu |X 45786 |U M4000 |Y 84 |7 A000045786 | |
| 242 | 0 | 1 | |a Standardization of production process in the company PCA Slovakia, Ltd., Trnava |y eng |
| 245 | 1 | 0 | |a Štandardizácia výrobného procesu v spoločnosti PCA Slovakia, s.r.o., Trnava |
| 260 | |c 2016 | ||
| 650 | 4 | |a Štandard |2 slo | |
| 650 | 4 | |a Proces |2 slo | |
| 650 | 4 | |a Zlepšenie |2 slo | |
| 650 | 4 | |a Návrh |2 slo | |
| 650 | 4 | |a Standard |2 eng | |
| 650 | 4 | |a Process |2 eng | |
| 650 | 4 | |a Improvement |2 eng | |
| 650 | 4 | |a Proposal |2 eng | |
| 700 | 1 | |a Čekanová, Katarína |u 064000 |k Z1 |4 ths |U MTF Materiálovotechnologická fakulta |T MTF Ústav priemyselného inžinierstva a manažmentu |X 75865 |U M4000 |Y 84 |7 75865 | |
| 856 | 4 | |u http://is.stuba.sk/zp/portal_zp.pl?podrobnosti=121536 | |
| 996 | |c M* DP-12894 |l MMSKP |s P |a 0 |w stuzp57958_0001 | ||
| SQL | |a stuzp57958 |b DDP |c SLO |d Štandardizácia výrobného procesu v spoločnosti PCA Slovakia, s.r.o., Trnava |e 45786 |f Jankovič, Milan |g 064000 |h 75865 |i Čekanová, Katarína |j 20160606 |k 183 |l 06 |m http://is.stuba.sk/zp/portal_zp.pl?podrobnosti=121536 |n I-IKP |o 5.2.57. kvalita produkcie | ||